| 000 | 00507nam a22001817a 4500 | ||
|---|---|---|---|
| 999 |
_c21382 _d21382 |
||
| 003 | BDDh-ASL | ||
| 005 | 20231015030006.0 | ||
| 008 | 210130s2005 b ||||| |||| 00| 0 eng d | ||
| 040 | _cBDDh-ASL | ||
| 082 |
_a327.5492 _bBIJ |
||
| 100 | 1 |
_92971 _aBiswas, Sukumar |
|
| 245 | 1 | 0 | _aJapan-Bangladesh Relations 1972-1990 / |
| 260 |
_aDhaka: _bMowla Brothers, _c2005. |
||
| 300 |
_a215 p.: _c22 cm. |
||
| 504 | _aInclude Index | ||
| 650 | 0 |
_92972 _aRelationship Country _zJapan _zBangladesh |
|
| 942 |
_2ddc _cBK |
||